Tilastot visalle Suomen rannikkokaupungit

Klikkaa tästä pelataksesi tätä visaa!

Yleistilastot

  • Tätä visaa on pelattu 156 kertaa
  • Keskiarvotulos 8 / 9

Vastaustilastot

VäkilukuKaupunki% Oikein
655 000Helsinki
98%
206 000Oulu
95%
193 000Turku
95%
68 000Vaasa
95%
290 000Espoo
94%
84 000Pori
92%
52 000Kotka
90%
50 000Porvoo
77%
52 000Salo
53%

Tulosjakauma

Persentiili vastausten määrän mukaan

Jokaisen tuloksen saaneiden osuus

Tuloshistoriasi

Et ole pelannut tätä visaa